Responses for show #1862 - Tuesday, October 13, 1992

Leslie Miller game 4.

Contestants

Michael Falk, an attorney from Huntingdon Valley, Pennsylvania

Sid Liberman, an insurance and investments agent from Simi Valley, California

Leslie Miller, an editor from Reston, Virginia (whose 3-day cash winnings total $39,899)

[next game >>]

Jeopardy! Round responses

WORLD HISTORY
FRENCH BUSINESS & INDUSTRY
I LOVE LUCY
U.S. GEOGRAPHY
COOKING EQUIPMENT
COMMON BONDS
    $100 9
silk

Leslie
    $100 24
yogurt

Leslie
    $100 2
the Mertzes

Michael
    $100 3
Florida

Michael
    $100 1
a garlic press

Sid
    $100 19
all uncles

Sid
    $200 10
Yugoslavia

Sid
    $200 26
Perrier

Michael
    $200 5
Cuba

Michael
    $200 4
Minnesota

Sid
    $200 17
butter

Leslie
    $200 20
things with chains

Leslie
    $300 11
Trafalgar

Sid
    $300 27
Chanel No. 5

Michael
    $300 6
Graumann's Chinese Theatre

Michael
    $300 14
(Sid: What is the Gila?)

the Colorado

LeslieSid
    $300 18
doughnuts

Michael
    $300 21
crossed

Sid
    $400 12
Hungary

Sid
    $400 28
(Alex: 19 cents is what it cost.)

Bic

Leslie
    $400 7
McGillicuddy

Sid
    $400 15
the Narragansett

Sid
    $400 25
pizzas

Michael
    $400 22
all named "bull"

Sid
    $500 13
Sweden

Sid
    $700 29
L'Oréal

Leslie
    $500 8
(Sid: What ie Vitavetavegamin?)

Vitameatavegamin

Sid
Triple Stumper
    $500 16
Mt. Shasta

Leslie
    $500 30
boiler

Leslie
    $500 23
connected with (hosted) The Amateur Hour

Sid

Scores at the first commercial break (after clue 13):

Leslie Sid Michael
$100 $1,600 $700

Scores at the end of the Jeopardy! Round:

Leslie Sid Michael
$3,000 $3,000 $1,900

Double Jeopardy! Round responses

BIBLICAL QUOTES
DYNASTIES
TREES
CONTEMPORARY AUTHORS
THE CIVIL WAR
OPERA
    $200 6
the serpent

Sid
    $200 11
Cleopatra

Michael
    $200 26
eucalyptus

Sid
    $200 12
Canada

Leslie
    $200 1
the Merrimack

Leslie
    $200 18
Madame Butterfly

Leslie
    $400 7
Abraham

Sid
    $400 17
the Romanov

Leslie
    $400 28
palms

Michael
    $400 13
Nora Ephron

Michael
    $400 2
Andersonville

Leslie
    $400 19
Wagner

Michael
    $600 8
(Sid: What is "…but few come?")

"…but few are chosen"

LeslieSid
    $600 20
the Capetian

Leslie
    $600 29
the redwood

Michael
    $600 14
(Jean) Auel

Michael
    $600 3
Gettysburg

Sid
    $2,000 21
[NOTE: Leslie's score display goes from $8,200 to $10,300. This error is corrected when she is credited for her next response at clue 24.]

Pagliacci (I Pagliacci accepted)

Leslie
    $800 9
build my church

Leslie
    $800 23
(Sid: What was the Ming dynasty?)

the Manchus

Sid
Triple Stumper
    $800 27
maples

Leslie
    $800 15
Kurt Vonnegut

Michael
    $800 4
vice president

Leslie
    $800 22
Orpheus

Michael
    $1000 10
(King) Saul

Sid
    $1000 24
the Medici

Leslie
    $3,000 30
(Michael: What is the elm?)

aspen

Michael
    $1000 16
Lawrence Durrell

Triple Stumper
    $1000 5
Mary Chestnut

Leslie
    $1000 25
(Sid: What is France?)

the St. Bartholomew's Day Massacre

LeslieSid

Scores at the end of the Double Jeopardy! Round:

Leslie Sid Michael
$13,000 $3,000 $3,100
(lock game)

[wagering suggestions for these scores]

Final Jeopardy! Round responses

PRESIDENTS
SidWho was Taft?
$3,000
MichaelWho was Truman?
$2,901
LeslieWho was T. Roosevelt?
$6,000
(William Howard) Taft

Final scores:

Leslie Sid Michael
$7,000 $6,000 $199
4-day champion: $46,899 + Jeopardy! '92 home game 2nd place: Broyhill entertainment center and Samsung 25" color TV + Jeopardy! '92 home game 3rd place: Action Recliner by Lane + Jeopardy! '92 home game

Game dynamics:

Coryat scores:

Leslie Sid Michael
$11,400 $3,000 $6,100
23 R
(including 2 DDs),
0 W
17 R,
5 W
16 R,
1 W
(including 1 DD)

Combined Coryat: $20,500

The J! Archive is created by fans, for fans. The Jeopardy! game show and all elements thereof, including but not limited to copyright and trademark thereto, are the property of Jeopardy Productions, Inc. and are protected under law. This website is not affiliated with, sponsored by, or operated by Jeopardy Productions, Inc. Join the discussion at JBoard.tv.